LEADER 01426nam0-22004571i-450 001 990001674130403321 005 20170721114208.0 035 $a000167413 035 $aFED01000167413 035 $a(Aleph)000167413FED01 035 $a000167413 100 $a20111122d1957----km-y0itay50------ba 101 0 $aita 102 $aIT 200 1 $aNorme legislative e regolamentari emanate dal 1.7.1955 al 15.4.1957 ad integrazione del volume Legislazione universitaria$fa cura di Giuseppe Jorio 210 $aBari$cCressati$d1957 215 $a197 p.$d26 cm 610 0 $aLegislazione universitaria 676 $a344.07 702 1$aJorio,$bGiuseppe 710 01$aItalia.$bMinistero della pubblica istruzione$0354240 801 0$aIT$bUNINA$gRICA$2UNIMARC 901 $aBK 912 $a990001674130403321 952 $a60 340 B 8$b35466$fFAGBC 952 $a04 220-116$b2811$fDINCH 952 $a13 F 45 11$b22313$fFINBC 952 $aI legisl 5$b4569$fDMVSF 952 $aI legisl 5 bis$b3410$fDMVSF 952 $a116-F-3$b2209$fMA1 952 $aX IV 17$b707$fDMVCM 952 $aBB 465$b0769$fDINED 959 $aDINED 959 $aFAGBC 959 $aFINBC 959 $aDINCH 959 $aDMVSF 959 $aMA1 959 $aDMVCM 996 $aNorme legislative e regolamentari emanate dal 1.7.1955 al 15.4.1957 ad integrazione del volume Legislazione universitaria$9370452 997 $aUNINA LEADER 01144nam0-2200373---450- 001 990000981740203316 005 20091112171304.0 010 $a90-411-0348-1 035 $a0098174 035 $aUSA010098174 035 $a(ALEPH)000098174USA01 035 $a0098174 100 $a20020225d1997----||ita|0103 ba 101 $aeng 102 $aNL 105 $a|||| ||||| 200 1 $aWho is a refugee?$ea comparative case law study$fedited by Jean-Yves Carlier ... et al. 210 $aThe Hague$cKluwer law international$dc1997 215 $aXXXVII, 794 p.$d25 cm 606 0 $aAsilo $xStudio comparato 606 0 $aEmigrati politici 676 $a341.486 702 1$aCARLIER,$bJean-Yves 801 0$aIT$bsalbc$gISBD 912 $a990000981740203316 951 $aXXIII.1.H. 510 (IG VIII 16 ING 798)$b20920 G$cXXIII.1.H. 510 (IG VIII 16)$d00251740 959 $aBK 969 $aGIU 979 $aPATTY$b90$c20020225$lUSA01$h1230 979 $c20020403$lUSA01$h1740 979 $aPATRY$b90$c20040406$lUSA01$h1708 979 $aRSIAV3$b90$c20091112$lUSA01$h1713 996 $aWho is a refugee$9972491 997 $aUNISA